000 01730nam0a2200385 4500
001 RU\NLR\bibl\999838
005 20250614223927.0
010 _a5-8459-1075-7
_93000
021 _aRU
_b2006-54784
_92711
035 _a(nilc)RSL-KNO-002938561
035 _a(NLR Aleph) 000987572
090 _a498381
_c498381
100 _a20060920d2006 |||y0rusy50 ca
101 1 _arus
_aeng
_ceng
102 _aRU
_aUA
105 _aa |||||||||
106 _ar
200 1 _aAutoCAD 2007 для "чайников"
_fДэвид Бирнз, Марк Мидлбрук
_g[пер. с англ. и ред. к.т.н. А. Г. Сысонюка]
210 _aМ. [и др.]
_cДиалектика
_d2006
215 _a377 с.
_cил.
_d24
225 1 _aДля сомневающихся
300 _aЗагл. и авт. ориг.: AutoCAD 2007 for Dummies by David Byrnes and Mark Middlebrook
320 _aПредм. указ.: с7 369-377
454 0 _12001#$aAutoCAD 2007 for Dummies
_1700#1$aByrnes$bD.$gDavid$4070
_1701#1$aMiddlebrook$bM.$gMark$4070
_tAutoCAD 2007 for Dummies
_aByrnes, David
606 1 _aAutoCAD 2007, система автоматизированного проектирования
_92439067
_3RU\NLR\auth\661451151
610 0 _aТехника и технические науки (в целом) -- Проектирование -- Автоматизация -- Пособие для самообразования
686 _aЖ2-5-05я78-1
_2rubbk
686 _aЖ2-5-05
700 1 _aБирнз
_bД.
_gДэвид
_4070
701 1 _aМидлбрук
_bМ.
_gМарк
_4070
801 0 _aRU
_bРКП
_c20060920
_grcr
801 1 _aRU
_bРГБ
_c20060920
801 2 _aRU
_bNLR
_c20061023
_grcr
942 _cBOOK
980 _aNB